Kafka en la orilla (Registro nro. 184253)
[ vista simple ]
| 000 -ENCABEZADO | |
|---|---|
| Número de control [NR] | 00818cam a2200241Ma 4500 |
| 005 - FECHA Y HORA DE LA ÚLTIMA TRANSACCIÓN | |
| control field | 20140903175019.0 |
| 008 - DE LONGITUD FIJA DE DATOS DE ELEMENTOS - INFORMACIÓN GENERAL | |
| Elementos de longitud fija [NR] | 130129s2013 sp frn 000 1 spa d |
| 020 ## - NUMERO INTERNACIONAL NORMALIZADO PARA LIBROS [R] | |
| Número Internacional Normalizado del libro [NR] | 9788483835241 |
| 040 ## - FUENTE DE CATALOGACION [NR] | |
| Agencia de catalogación original [NR] | Co-BoUCM |
| Idioma de catalogación [NR] | eng |
| Quien Cataloga | |
| Quien Clasifica | Diana Londoño |
| 041 1# - CODIGO DE IDIOMA [R] | |
| Código de idioma para texto/pista de sonido o título separado [R] | Español |
| Language code of original and/or intermediate translations of text | jpn |
| 100 1# - ASIENTO PRINCIPAL--NOMBRE PERSONAL [NR] | |
| Nombre personal [NR] | Murakami, Haruki |
| Fechas asociadas con el nombre [NR] | 1949- |
| ID Autoridad | 56946 |
| 245 10 - MENCION DE TITULO [NR] | |
| Título [NR] | Kafka en la orilla |
| Mención de responsabilidad, etc. [NR] | Haruki Murakami ; traducción del japonés de Lourdes Porta |
| 250 ## - MENCION DE EDICION [NR] | |
| Mención de edición [NR] | 14a ed |
| 260 ## - PUBLICACION, DISTRIBUCION, ETC. (PIE DE IMPRENTA) [R] | |
| Lugar de publicación, distribución, etc. [R] | Barcelona (España) |
| Nombre del editor, distribuidor, etc. [R] | Tusquets Editores |
| Fecha de publicación, distribución, etc. [R] | 2013 |
| 300 ## - DESCRIPCION FISICA [R] | |
| Extensión [R] | 714 páginas |
| 490 0# - MENCION DE SERIE [R] | |
| Mención de serie [R] | Colección Maxi |
| Designación numérica/secuencial del volumen [NR] | 003/5 |
| 650 #7 - ASIENTO SECUNDARIO DE MATERIA - TERMINO TEMATICO [R] | |
| Término temático o nombre geográfico como elemento de entrada [NR] | Literatura japonesa |
| 9 (RLIN) | 18695 |
| 690 ## - ASUNTO AGREGADO LOCAL DE ENTRADA - TÉRMINO TEMÁTICO (OCLC, RLIN) | |
| 9 (RLIN) | 42867 |
| Acceso temático local | Literatura oriental |
| 700 1# - ASIENTO SECUNDARIO - NOMBRE PERSONAL [R] | |
| Nombre personal [NR] | Porta, Lourdes |
| Término de relación [R] | traductor |
| 9 (RLIN) | 56948 |
| 765 0# - ASIENTO DE IDIOMA ORIGINAL [R] | |
| Título [NR] | Umibe no Kafuka |
| 942 ## - ELEMENTOS DE ENTRADA AGREGADOS (KOHA) | |
| Tema principal | Literatura |
| Tipo de ítem principal el descrito en 300a | Libro |
| Edición | 14 |
| Parte restante de la signatura top. | M972 |
| Sistema de clasificación | DEWEY |
| Clasificación | 895.65 |
| Fecha de último préstamo | Total préstamos | Total Renewals | Signatura topográfica | Código de barras | Prestado | Última vez visto | Volúmen / Fascículo | Ejemplar | Costo de reposición | Price effective from | Tipo de ítem | Perdido | Sistema de clasificación | Dañado | No prestable | Tipo de ítem específico | Suprimido | Ubicación habitual | Ubicación actual | Localización | Fecha de creación | Proveedor | Forma de adquisición | Costo |
|---|---|---|---|---|---|---|---|---|---|---|---|---|---|---|---|---|---|---|---|---|---|---|---|---|
| 22/05/2026 | 28 | 42 | 895.65 M972 | 100140421 | 18/07/2026 | 22/05/2026 | 14.Ed. | Ej.1 | 34700.00 | 23/01/2014 | Libro | DEWEY | Libro | Claustro | Sede del Emprendimiento, Innovación y Creación | 2do piso | 23/01/2014 | 15 | Compra | 34700.00 |